000 00352nam a22001337a 4500
999 _c522863
_d522863
005 20190125102230.0
008 190125b ||||| |||| 00| 0 eng d
040 _cDLC
082 _a954.912
_bNAS
245 _a1857 Khayal Number /
_cNasir Kazmi
260 _aLahore :
_bSange-e-Meel Publishers,
_c2007.
300 _a336p. :
_c25 cm.
942 _2ddc
_cBK